Stories of today
Uloženo v:
| Hlavní autor: | |
|---|---|
| Médium: | Kniha |
| Jazyk: | angličtina |
| Vydáno: |
Londres
Longmans, Green and Co
1956
|
| Edice: | Pleasant Books in Easy English, Stage 1
|
| Témata: | |
| Tagy: |
Přidat tag
Žádné tagy, Buďte první, kdo vytvoří štítek k tomuto záznamu!
|
MARC
| LEADER | 00000nam a2200000 a 4500 | ||
|---|---|---|---|
| 001 | UCQ3625 | ||
| 003 | CL-VaPUC | ||
| 008 | 980821e19560000UK |||||||||||||||||eng|d | ||
| 082 | 0 | 4 | |a 807 |b THO |2 21 |
| 100 | 0 | |a Thornley, G. C |e author |9 417868 | |
| 245 | 1 | 0 | |a Stories of today |
| 300 | |a 64 p | ||
| 942 | |c BK | ||
| 945 | |d 19980821 00:00:00 |a crobeson | ||
| 260 | |a Londres |b Longmans, Green and Co |c 1956 | ||
| 650 | 0 | |a Cuentos |9 308079 | |
| 650 | 0 | |a Literatura |9 259151 | |
| 650 | 0 | |a Inglés |9 260023 | |
| 650 | 0 | |a Lectura |9 307634 | |
| 650 | 0 | |a Enseñanza de idiomas |9 339820 | |
| 650 | 0 | |a Educación lingüística |9 306506 | |
| 583 | |a last modification |c 19980821 00:00:00 |k Rodrigo Vera | ||
| 490 | 0 | |a Pleasant Books in Easy English, Stage 1 | |
| 999 | |c 274145 |d 274143 | ||
| 952 | |0 0 |1 0 |4 0 |6 807_000000000000000_THO_1956 |7 0 |8 A |9 310229 |a BIBEDU |b BIBEDU |d 2019-11-20 |i 1456288 |o 807 THO 1956 |p 1456288 |r 2019-11-20 |w 2019-11-20 |y BK |k LIT | ||
| 952 | |0 0 |1 0 |4 0 |6 807_000000000000000_THO_1956 |7 0 |8 A |9 310230 |a BIBEDU |b BIBEDU |d 2019-11-20 |i 1456296 |o 807 THO 1956 |p 1456296 |r 2019-11-20 |w 2019-11-20 |y BK |k LIT | ||